• 首页
  • 本馆介绍
  • 公告通知
  • 最新文献
  • 馆藏检索
  • 电子资源
  • 读者导购
  • 参考咨询
  • 我的图书馆
  • 登录
  • 详细信息显示
  • 放入我的书架
  • 预约/预借图书
  • 作者相关作品
  • 分类相关作品
  • 丛书相关作品
  • 出版社相关作品

书目信息

  • 表格格式
  • 工作单格式
  • 卡片格式
题名:
米酒米醋加工技术
    
 
作者: 于新 , 杨鹏斌 编著
分册:  
出版信息: 北京   中国纺织出版社  2014.06
页数: 268页
开本: 21cm
丛书名: 食品加工技术丛书
单 册:
中图分类: TS262.4 , TS264.2 , TS26
科图分类:
主题词: 糯米酒--食品加工 , 食用醋--食品加工 , 糯米酒 , 食品加工 , 食用醋
电子资源:
ISBN: 978-7-5180-0300-6
000 00997oam2 2200325 450
001 5578
005 20181016132007.50
010    @a978-7-5180-0300-6@dCNY28.00
100    @a20140730d2014 em y0chiy50 ea
101 0  @achi
102    @aCN@b110000
105    @ay z 000yy
200 1  @a米酒米醋加工技术@9mi jiu mi cu jia gong ji shu@f于新,杨鹏斌编著
210    @a北京@c中国纺织出版社@d2014.06
215    @a268页@d21cm
225 1  @a食品加工技术丛书
330    @a本书共分三章,介绍了酒曲和醋曲的制备,以及常见米酒、米醋等米类酿造产品的起源、营养价值、原料与配方、加工方法、操作要点及产品特色。
461  0 @12001 @a食品加工技术丛书
606 0  @a糯米酒@x食品加工
606 0  @a食用醋@x食品加工
606 0  @a糯米酒
606 0  @a食品加工
606 0  @a食用醋
690    @aTS262.4@v5
690    @aTS264.2@v5
690    @aTS26@v4
701  0 @a于新@9yu xin@f(1959~)@4编著
701  0 @a杨鹏斌@9yang peng bin@4编著
801  0 @aCN@b91MARC@c20150426
905    @aMuseLib@dTS26@e298
    
    米酒米醋加工技术/于新,杨鹏斌编著.-北京:中国纺织出版社,2014.06
    268页;21cm.-(食品加工技术丛书)
    
    
    ISBN 978-7-5180-0300-6:CNY28.00
    本书共分三章,介绍了酒曲和醋曲的制备,以及常见米酒、米醋等米类酿造产品的起源、营养价值、原料与配方、加工方法、操作要点及产品特色。
●
相关链接 在E读中查询图书 在五车中查询图书 在当当中查询图书 在豆瓣中查询图书


正题名:米酒米醋加工技术     索取号:TS26/298         预约/预借

序号 登录号 条形码 馆藏地/架位号 状态 备注
1 1130395   211303953   第二样本阅览室/ [索取号:TS26/298] 在馆    
2 1130396   211303962   第三借阅区/ [索取号:TS26/298] 在馆    
3 1130397   211303971   第三借阅区/ [索取号:TS26/298] 在馆    
4 1130398   211303980   第三借阅区/ [索取号:TS26/298] 在馆    
5 1130399   211303999   密集书库-生命科学系/ [索取号:TS26/298] 在馆    
唐山师范学院图书馆 欢迎您!
大连网信软件有限公司© 版权所有